Preservation of fruits and vegetables / (Record no. 2523)
[ view plain ]
| 000 -LEADER | |
|---|---|
| fixed length control field | 00531cam a2200205ua 4500 |
| 041 ## - LANGUAGE CODE | |
| Language code of text/sound track or separate title | eng |
| 082 ## - DEWEY DECIMAL CLASSIFICATION NUMBER | |
| Classification number | 664.028 |
| Item number | GIR/PR |
| 100 ## - MAIN ENTRY--AUTHOR NAME | |
| Personal name | Girdharilal, . |
| 245 ## - TITLE STATEMENT | |
| Title | Preservation of fruits and vegetables / |
| 250 ## - EDITION STATEMENT | |
| Edition statement | 1 / |
| 260 ## - PUBLICATION, DISTRIBUTION, ETC. (IMPRINT) | |
| Place of publication | : |
| Name of publisher | Indian Council for Agricultural Research , |
| Year of publication | 1998. |
| 300 ## - PHYSICAL DESCRIPTION | |
| Number of Pages | 488 ; . |
| 700 1# - ADDED ENTRY--PERSONAL NAME | |
| Personal name | Siddappa, G.S . |
| 700 1# - ADDED ENTRY--PERSONAL NAME | |
| Personal name | Tandon, G.L . |
| 942 ## - ADDED ENTRY ELEMENTS (KOHA) | |
| Koha item type | Books |
| Withdrawn status | Lost status | Damaged status | Home library | Current library | Date acquired | Full call number | Accession Number | Koha item type |
|---|---|---|---|---|---|---|---|---|
| KAUAET | KAUAET | 07/04/2012 | 664.028 | 20498 | Books |
